The noble scholar, jurist, historian


 His Excellency Dr. Abdul Wahhab bin Ibrahim Abu Sulaiman, may Allah have mercy on him.


 He was born in Umm Al-Qura in the year 1356 AH.

دليل الكتابة التاريخية / (Record no. 13735)

MARC details
000 -LEADER
fixed length control field 01334cam a22003011i 4500
003 - CONTROL NUMBER IDENTIFIER
control field SA-RiAUC
005 - DATE AND TIME OF LATEST TRANSACTION
control field 20251228073743.0
008 - FIXED-LENGTH DATA ELEMENTS--GENERAL INFORMATION
fixed length control field 251225s2013 su f f000 0 ara c
020 ## - INTERNATIONAL STANDARD BOOK NUMBER
International Standard Book Number 9786038128114
040 ## - CATALOGING SOURCE
Original cataloging agency SA-JeALM
Language of cataloging ara
Transcribing agency SA-RiAUC.
Description conventions rda
041 1# - LANGUAGE CODE
Language code of text/sound track or separate title ara
Language code of original und
050 #4 - LIBRARY OF CONGRESS CALL NUMBER
Item number .R36125 2013
082 04 - DEWEY DECIMAL CLASSIFICATION NUMBER
Classification number 907.2
Assigning agency SA-RiAUC
090 ## - LOCALLY ASSIGNED LC-TYPE CALL NUMBER (OCLC); LOCAL CALL NUMBER (RLIN)
Classification number (OCLC) (R) ; Classification number, CALL (RLIN) (NR) 907.2
Local cutter number (OCLC) ; Book number/undivided call number, CALL (RLIN) ر ا م
100 1# - MAIN ENTRY--PERSONAL NAME
Personal name رامبولا، ماري لين
Relator term مؤلف.
245 10 - TITLE STATEMENT
Title دليل الكتابة التاريخية /
Statement of responsibility, etc. ‏ماري لين رامبولا ؛ ترجمة تركي بن فهد بن عبد الله آل سعود، محمد عبد الله الفريح.
264 #1 - PRODUCTION, PUBLICATION, DISTRIBUTION, MANUFACTURE, AND COPYRIGHT NOTICE
Place of production, publication, distribution, manufacture الرياض :‏
Name of producer, publisher, distributor, manufacturer ‏دارة الملك عبد العزيز،
Date of production, publication, distribution, manufacture, or copyright notice 2013
300 ## - PHYSICAL DESCRIPTION
Extent 225 صفحة ؛‏
Dimensions 22 سم .
336 ## - CONTENT TYPE
Content type term نص
Content type code txt
Source rdacontent
Materials specified كتاب
337 ## - MEDIA TYPE
Media type term بدون وسيط
Media type code n
Source rdamedia
490 1# - SERIES STATEMENT
Series statement كتاب الدارة.
Volume/sequential designation ‏24
650 #7 - SUBJECT ADDED ENTRY--TOPICAL TERM
Topical term or geographic name entry element التاريخ
General subdivision مناهج بحث
Source of heading or term aucsh
700 1# - ADDED ENTRY--PERSONAL NAME
Personal name الفريج، محمد بن عبد الله
Relator term مترجم.
700 1# - ADDED ENTRY--PERSONAL NAME
Personal name آل سعود، تركي بن فهد بن عبد الله بن عبد الرحمن،
Titles and other words associated with a name أمير السعودية،
Dates associated with a name 1945-
Relator term مترجم.
830 #0 - SERIES ADDED ENTRY--UNIFORM TITLE
Uniform title إصدارات الدارة.
Name of part/section of a work كتاب الدارة
Volume/sequential designation ‏24
942 ## - ADDED ENTRY ELEMENTS (KOHA)
Source of classification or shelving scheme Dewey Decimal Classification
Koha item type Books
Suppress in OPAC No
949 ## - LOCAL PROCESSING INFORMATION (OCLC)
a SA-JeALM
d 251225
u osman123
n 1
Holdings
Withdrawn status Lost status Source of classification or shelving scheme Damaged status Not for loan Home library Current library Date acquired Total checkouts Full call number Barcode Date last seen Price effective from Koha item type
    Dewey Decimal Classification     DR AbdElwahab Library DR AbdElwahab Library 12/28/2025   907.2 ر ا م 000022014 12/28/2025 12/28/2025 Books